Արյան և արցունքների երկրում : (Record no. 311837)
[ view plain ]
| 000 -LEADER | |
|---|---|
| fixed length control field | 01691nam a2200277 a 4500 |
| 001 - CONTROL NUMBER | |
| control field | 000893120 |
| 003 - CONTROL NUMBER IDENTIFIER | |
| control field | AM-YeHGA |
| 005 - DATE AND TIME OF LATEST TRANSACTION | |
| control field | 20250618074109.0 |
| 008 - FIXED-LENGTH DATA ELEMENTS--GENERAL INFORMATION | |
| fixed length control field | 120516s2011 ai r 000 0 arm d |
| 020 ## - INTERNATIONAL STANDARD BOOK NUMBER | |
| Canceled/invalid ISBN | 978-9939-822-12-9 |
| 040 ## - CATALOGING SOURCE | |
| Original cataloging agency | AM-YeHGA |
| 041 1# - LANGUAGE CODE | |
| Language code of text/sound track or separate title | arm |
| Language code of original | ger |
| 090 ## - LOCALLY ASSIGNED LC-TYPE CALL NUMBER (OCLC); LOCAL CALL NUMBER (RLIN) | |
| -- | 313555 |
| 100 1# - MAIN ENTRY--PERSONAL NAME | |
| Personal name | Կյունցլեր, Յակոբ |
| 245 10 - TITLE STATEMENT | |
| Title | Արյան և արցունքների երկրում : |
| Remainder of title | Իրադարձությունները Միջագետքում՝ Համաշխարհային պատերազմի ժամանակ (1914-1918) / |
| Statement of responsibility, etc. | Յ. Կյունցլեր; Թարգմ.՝ Ա. Հայրունի, Հ. Մարտիրոսյան, Ա. Միրզոյան; Խմբ.` Է. Դանեղյան. |
| 260 ## - PUBLICATION, DISTRIBUTION, ETC. | |
| Place of publication, distribution, etc. | Երևան : |
| Name of publisher, distributor, etc. | Հայոց ցեղասպանության թանգ. ին-տ հրատ., |
| Date of publication, distribution, etc. | 2011. |
| 300 ## - PHYSICAL DESCRIPTION | |
| Extent | 152 էջ : |
| Other physical details | լուսանկ. ; |
| Dimensions | 21 սմ. |
| 440 #0 - SERIES STATEMENT/ADDED ENTRY--TITLE | |
| Title | Ցեղասպանություն. վկայություններ, նոթեր, հուշագրություն |
| Name of part/section of a work | Եդեսիա |
| 534 ## - ORIGINAL VERSION NOTE | |
| Introductory phrase | Բնօրինակ՝ |
| Main entry of original | Künzler, Jakob |
| Title statement of original | Im Lande des Blutes und der Tränen : Erlebnisse in Mesopotamien während des Weltkrieges |
| Publication, distribution, etc. of original | Potsdam : Tempel Verlag, 1921 |
| 650 14 - SUBJECT ADDED ENTRY--TOPICAL TERM | |
| Topical term or geographic name entry element | Հայ ժողովրդի պատմություն |
| Chronological subdivision | 1914-1918 |
| Geographic subdivision | Իրադարձությունները Միջագետքում |
| 650 14 - SUBJECT ADDED ENTRY--TOPICAL TERM | |
| Topical term or geographic name entry element | Հայոց ցեղասպանություն, 1915-1923 |
| Chronological subdivision | 1914-1918 |
| Geographic subdivision | Իրադարձությունները Միջագետքում |
| 700 1# - ADDED ENTRY--PERSONAL NAME | |
| Personal name | Հայրունի, Աշոտ Նորայրի, |
| Dates associated with a name | 1964- |
| Relator term | թարգմ. |
| Relationship | trl |
| 9 (RLIN) | 3433 |
| 700 1# - ADDED ENTRY--PERSONAL NAME | |
| Personal name | Մարտիրոսյան, Հ. |
| Relator term | թարգմ. |
| Relationship | trl |
| 700 1# - ADDED ENTRY--PERSONAL NAME | |
| Personal name | Միրզոյան, Ա. |
| Relator term | թարգմ. |
| Relationship | trl |
| 700 1# - ADDED ENTRY--PERSONAL NAME | |
| Personal name | Դանեղյան, Է. |
| Relator term | խմբ. |
| Relationship | edt |
| Withdrawn status | Lost status | Damaged status | Not for loan | Collection | Home library | Current library | Date acquired | Cost, normal purchase price | Shelving control number | Total checkouts | Full call number | Barcode | Date last seen | Price effective from | Koha item type | Public note |
|---|---|---|---|---|---|---|---|---|---|---|---|---|---|---|---|---|
| General | Fundamental Scientific Library | Fundamental Scientific Library | 09/01/2017 | 1500.00 | AII/98735 | FL0255455 | 09/01/2017 | 09/01/2017 | Գրքեր / Books | 30 Days Loan | ||||||
| General | Fundamental Scientific Library | Fundamental Scientific Library | 09/01/2017 | 1500.00 | AII/98736 | FL0255454 | 09/01/2017 | 09/01/2017 | Գրքեր / Books | 30 Days Loan |
ՀՀ Գիտությունների ազգային ակադեմիայի հիմնարար գիտական գրադարան = Fundamental Scientific Library of NAS RA
All site content, except where otherwise noted, is licensed under a